000 00739nam a2200217 a 4500
001 000017119
005 20240412074245.0
008 100317s2000 dr r 000 p spa d
040 _aDO-SdBNP
_bspa
_cBNPHU
082 _aRD861.44
_bG216t
100 1 _aGarcía Ariza, Quirogas Beethoven,
_d1966-
_937721
245 1 0 _aTiempo, sudor y deseo /
_cQuirogas Beethoven García Ariza.
260 _a[Santo Domingo :
_b[s.n.],
_c200?].
300 _a92 p. ;
_c22 cm.
500 _aDatos tomados de la cubierta
500 _aIncluye datos biográficos del autor en la contracubierta
590 _aInventariado, 2018/BT
650 0 _aPoesía dominicana
_966
650 0 _aLiteratura dominicana.
_967
910 _aValidado. Control de calidad. EMS
999 _c16645
_d16645